00826nam a2200217 i 450000100060000000300090000600500170001500700030003200800410003502000180007608000250009411100670011924501420018626000450032830000390037365000450041265500400045771000380049771000510053585200220058619165ES-MaACL20250817075547.0t|020628s2001 sp a |||| | spa d a84-920182-7-5 a76.036(460)(083.824)2 aPremio Nacional de Grabado y Arte Gráfico (d2001. cMadrid)10aPremio Nacional de Grabado y Arte Gráfico 2001 / cconvocado por Calcografía Nacional, Real Academia de Bellas Artes de San Fernando. aMadrid : bPhilip Morris Spain, c[2001] a93 p. : bil. col. y n. ; c26 cm.14aGrabado español-yS.XX-vExposiciones. 72tgfbneaCatálogos de exposiciones2 aCalcografía Nacional (España)2 aReal Academia de Bellas Artes de San Fernando. aES-MaACLjL-25595